<?xml version="1.0" encoding="UTF-8"?>
<record
    xmlns:xsi="http://www.w3.org/2001/XMLSchema-instance"
    xsi:schemaLocation="http://www.loc.gov/MARC21/slim http://www.loc.gov/standards/marcxml/schema/MARC21slim.xsd"
    xmlns="http://www.loc.gov/MARC21/slim">

  <leader>03068nam a2200289 i 4500</leader>
  <controlfield tag="001">Rebiun30573073</controlfield>
  <controlfield tag="008">220328e202202  spc||||  |||| 0|0 0 spa|</controlfield>
  <datafield tag="015" ind1=" " ind2=" ">
    <subfield code="a">LL2022 </subfield>
    <subfield code="2">bnc</subfield>
  </datafield>
  <datafield tag="020" ind1=" " ind2=" ">
    <subfield code="a">9788425360756</subfield>
  </datafield>
  <datafield tag="040" ind1=" " ind2=" ">
    <subfield code="a">ES-BaBC </subfield>
    <subfield code="b">cat </subfield>
    <subfield code="e">rda </subfield>
    <subfield code="c">ES-BaBC</subfield>
  </datafield>
  <datafield tag="041" ind1="1" ind2=" ">
    <subfield code="a">spa</subfield>
  </datafield>
  <datafield tag="041" ind1="1" ind2=" ">
    <subfield code="h">eng</subfield>
  </datafield>
  <datafield tag="050" ind1=" " ind2=" ">
    <subfield code="a">RA784 </subfield>
    <subfield code="b">.O45 2015</subfield>
  </datafield>
  <datafield tag="100" ind1=" " ind2=" ">
    <subfield code="a">Olien, Darin</subfield>
    <subfield code="e">author</subfield>
    <subfield code="9">24759</subfield>
  </datafield>
  <datafield tag="240" ind1="1" ind2="0">
    <subfield code="a">Superlife. </subfield>
    <subfield code="l">Spanish.</subfield>
  </datafield>
  <datafield tag="245" ind1="1" ind2="0">
    <subfield code="a">Superlife</subfield>
    <subfield code="b">: las cinco fuerzas vitales que te har&#xE1;n sentir saludable, en forma y eternamente genial!</subfield>
    <subfield code="c">/ Darin Olien ; translated by Paola Jalili</subfield>
  </datafield>
  <datafield tag="250" ind1=" " ind2=" ">
    <subfield code="a">First edition.</subfield>
  </datafield>
  <datafield tag="260" ind1=" " ind2=" ">
    <subfield code="a">Barcelona : </subfield>
    <subfield code="b">Penguin Random House, </subfield>
    <subfield code="c">2022.</subfield>
  </datafield>
  <datafield tag="300" ind1=" " ind2=" ">
    <subfield code="a">346 pages ; </subfield>
    <subfield code="c">22 cm.</subfield>
  </datafield>
  <datafield tag="520" ind1=" " ind2=" ">
    <subfield code="a">En esta revolucionaria gu&#xED;a, Darin Olien, experto en salud y bienestar, nutri&#xF3;logo, fundador de Shakeology y coanfitri&#xF3;n de Zac Efron en el documental "Con los pies en la tierra," de Netflix, comparte las claves para dominar y utilizar las cinco fuerzas vitales que se han demostrado esenciales para estar sanos y en forma por dentro y por fuera.

Todos sabemos que vivir bien implica llevar una nutrici&#xF3;n saludable, hacer ejercicio, meditar, a&#xF1;adir la cantidad perfecta de espinaca al zumo verde&#x2026; Pero &#xBF;eso es todo?

Darin Olien afirma que para maximizar el potencial innato de nuestro cuerpo debemos centrarnos en cinco fuerzas vitales: alimentaci&#xF3;n de calidad, hidrataci&#xF3;n, desintoxicaci&#xF3;n, oxigenaci&#xF3;n y alcalinizaci&#xF3;n.

Con este fin, y para obtener resultados a largo plazo, Olien escribi&#xF3; esta gu&#xED;a integral y hol&#xED;stica en la que explica c&#xF3;mo obtener un peso saludable, c&#xF3;mo prevenir enfermedades -incluso las m&#xE1;s graves- y, en especial, c&#xF3;mo aprovechar los superpoderes de la comida, el agua y el ox&#xED;geno para lograr un pH equilibrado y disfrutar de una vida mejor hoy, ma&#xF1;ana y siempre.</subfield>
  </datafield>
  <datafield tag="520" ind1=" " ind2=" ">
    <subfield code="a">In this groundbreaking guide, Darin Olien&#x2014;health and wellness expert, nutritionist, founder of Shakeology, and co-host alongside Zac Efron in the Netflix documentary "Down to Earth"&#x2014;shares the key principles for mastering and harnessing the five essential life forces proven to keep us healthy and fit, inside and out.

We all know that living well means eating healthy, exercising, meditating, and adding the perfect amount of spinach to our green juice&#x2026; but is that really enough?

According to Darin Olien, unlocking our body&#x2019;s full potential requires focusing on five vital forces: quality nutrition, hydration, detoxification, oxygenation, and alkalization.

With this goal in mind, Olien has written a comprehensive and holistic guide that provides actionable strategies for achieving a healthy weight, preventing diseases&#x2014;including the most serious ones&#x2014;and, most importantly, harnessing the superpowers of food, water, and oxygen to balance our pH and enjoy a better, healthier life&#x2014;today, tomorrow, and beyond.</subfield>
  </datafield>
  <datafield tag="650" ind1=" " ind2="0">
    <subfield code="a">Nutrition</subfield>
    <subfield code="9">12876</subfield>
  </datafield>
  <datafield tag="650" ind1=" " ind2="0">
    <subfield code="a">Detoxification (Health)</subfield>
    <subfield code="9">24760</subfield>
  </datafield>
  <datafield tag="650" ind1=" " ind2="0">
    <subfield code="a">Self-care, Health</subfield>
    <subfield code="9">22295</subfield>
  </datafield>
  <datafield tag="700" ind1=" " ind2=" ">
    <subfield code="a">Jalili, Paola</subfield>
    <subfield code="e">translator</subfield>
    <subfield code="9">24761</subfield>
  </datafield>
  <datafield tag="942" ind1=" " ind2=" ">
    <subfield code="2">ddc</subfield>
  </datafield>
  <datafield tag="952" ind1=" " ind2=" ">
    <subfield code="0">0</subfield>
    <subfield code="1">0</subfield>
    <subfield code="2">lcc</subfield>
    <subfield code="4">0</subfield>
    <subfield code="7">0</subfield>
    <subfield code="a">TBS</subfield>
    <subfield code="b">TBS</subfield>
    <subfield code="d">2025-02-17</subfield>
    <subfield code="l">0</subfield>
    <subfield code="o">RA784 OLI</subfield>
    <subfield code="p">B05945</subfield>
    <subfield code="r">2025-02-17</subfield>
    <subfield code="t">1</subfield>
    <subfield code="w">2025-02-17</subfield>
    <subfield code="y">1</subfield>
    <subfield code="z">WELL COLLECTION</subfield>
  </datafield>
  <datafield tag="999" ind1=" " ind2=" ">
    <subfield code="c">4502</subfield>
    <subfield code="d">4502</subfield>
  </datafield>
</record>
